[Event "World Senior Championship F50+/F65+"]
[Site "Katerini"]
[Date "2014.10.25"]
[Round "2.8"]
[White "Khropova, Larisa"]
[Black "Ungure, Liga"]
[Result "1/2-1/2"]
[WhiteElo "2026"]
[BlackElo "1997"]
[EventDate "2014.10.24"]

1. d4 {[%clk 1:30:35]} Nf6 {[%clk 1:30:54]} 2. c4 {[%clk 1:30:29]} g6
{[%clk 1:31:05]} 3. Nc3 {[%clk 1:30:47]} Bg7 {[%clk 1:31:25]} 4. e4
{[%clk 1:31:02]} d6 {[%clk 1:31:18]} 5. f3 {[%clk 1:31:11]} O-O {[%clk 1:31:05]}
6. Be3 {[%clk 1:31:33]} Nc6 {[%clk 1:30:56]} 7. Nge2 {[%clk 1:30:53]} a6
{[%clk 1:29:34]} 8. Qd2 {[%clk 1:28:25]} Rb8 {[%clk 1:28:36]} 9. a3
{[%clk 1:27:45]} b5 {[%clk 1:18:09]} 10. cxb5 {[%clk 1:27:02]} axb5
{[%clk 1:16:54]} 11. b4 {[%clk 1:26:44]} Bd7 {[%clk 0:57:56]} 12. d5
{[%clk 1:24:44]} Ne5 {[%clk 0:55:08]} 13. Nd4 {[%clk 1:23:27]} Qe8
{[%clk 0:31:38]} 14. Be2 {[%clk 1:18:33]} e6 {[%clk 0:30:16]} 15. O-O
{[%clk 1:14:30]} exd5 {[%clk 0:23:05]} 16. exd5 {[%clk 1:13:42]} Rb7
{[%clk 0:18:24]} 17. Rfe1 {[%clk 1:03:35]} Qb8 {[%clk 0:18:32]} 18. h3
{[%clk 0:52:56]} Re8 {[%clk 0:17:18]} 19. Bf1 {[%clk 0:48:37]} h5
{[%clk 0:08:39]} 20. h4 {[%clk 0:46:09]} Kh7 {[%clk 0:08:42]} 21. Kh1
{[%clk 0:43:33]} Ng8 {[%clk 0:08:47]} 22. Ne4 {[%clk 0:40:10]} Ne7
{[%clk 0:07:44]} 23. Nc3 {[%clk 0:39:17]} Ng8 {[%clk 0:07:40]} 24. Rad1
{[%clk 0:38:24]} Nh6 {[%clk 0:06:55]} 25. Ne4 {[%clk 0:33:59]} Nf5
{[%clk 0:07:13]} 26. Nxf5 {[%clk 0:33:43]} Bxf5 {[%clk 0:07:23]} 27. Ng5+
{[%clk 0:30:07]} Kg8 {[%clk 0:07:48]} 28. Bd4 {[%clk 0:29:34]} f6
{[%clk 0:06:08]} 29. Ne4 {[%clk 0:28:54]} Bxe4 {[%clk 0:05:30]} 30. Rxe4
{[%clk 0:28:05]} Nc4 {[%clk 0:04:55]} 31. Bxc4 {[%clk 0:23:37]} Rxe4
{[%clk 0:05:23]} 32. fxe4 {[%clk 0:23:57]} bxc4 {[%clk 0:05:52]} 33. Rf1
{[%clk 0:20:46]} Qf8 {[%clk 0:04:21]} 34. Qc3 {[%clk 0:20:15]} Rb8
{[%clk 0:04:07]} 35. Qxc4 {[%clk 0:20:03]} Qe7 {[%clk 0:04:04]} 36. Bb2
{[%clk 0:16:23]} Re8 {[%clk 0:04:19]} 37. g3 {[%clk 0:15:41]} Qxe4+
{[%clk 0:04:14]} 38. Qxe4 {[%clk 0:16:06]} Rxe4 {[%clk 0:04:43]} 39. Kg2
{[%clk 0:14:58]} f5 {[%clk 0:04:09]} 40. Bxg7 {[%clk 0:45:08]} Kxg7
{[%clk 0:34:38]} 41. Rc1 {[%clk 0:44:55]} Rd4 {[%clk 0:32:33]} 42. Rxc7+
{[%clk 0:44:31]} Kf6 {[%clk 0:30:26]} 43. Rc2 {[%clk 0:44:04]} Ke5
{[%clk 0:28:07]} 44. b5 {[%clk 0:37:11]} Ra4 {[%clk 0:24:22]} 45. Rc3
{[%clk 0:36:08]} Kxd5 {[%clk 0:23:23]} 46. Kf3 {[%clk 0:32:09]} Ra5
{[%clk 0:18:39]} 47. Rb3 {[%clk 0:31:03]} Kc4 {[%clk 0:19:07]} 48. Rb4+
{[%clk 0:28:48]} Kc5 {[%clk 0:18:48]} 49. Kf4 {[%clk 0:18:36]} Rxb5
{[%clk 0:17:14]} 50. Ra4 {[%clk 0:18:57]} Rb3 {[%clk 0:14:02]} 51. Ra5+
{[%clk 0:18:22]} Kc4 {[%clk 0:09:54]} 52. Ra4+ {[%clk 0:18:23]} Kc5
{[%clk 0:10:16]} 53. Ra5+ {[%clk 0:16:44]} Kc4 {[%clk 0:10:42]} 54. Ra4+
{[%clk 0:15:49]} Kc5 {[%clk 0:10:48]} 55. Ra5+ 1/2-1/2

[Event "World Senior Championship F50+/F65+"]
[Site "Katerini"]
[Date "2014.10.25"]
[Round "2.9"]
[White "Titorenko, Natalia I"]
[Black "Abdikasova, Panu"]
[Result "1-0"]
[WhiteElo "2123"]
[BlackElo "1981"]
[EventDate "2014.10.24"]

1. d4 {[%clk 1:30:56]} d5 {[%clk 1:30:58]} 2. Nf3 {[%clk 1:31:07]} e6
{[%clk 1:31:18]} 3. g3 {[%clk 1:31:25]} Nf6 {[%clk 1:31:41]} 4. Bg2
{[%clk 1:31:46]} Be7 {[%clk 1:31:39]} 5. O-O {[%clk 1:31:45]} O-O
{[%clk 1:31:52]} 6. c4 c6 {[%clk 1:32:07]} 7. Qc2 {[%clk 1:28:04]} dxc4
{[%clk 1:30:17]} 8. a4 {[%clk 1:23:18]} a5 {[%clk 1:29:00]} 9. Qxc4
{[%clk 1:11:56]} Na6 {[%clk 1:27:17]} 10. Nc3 {[%clk 0:55:35]} Nb4
{[%clk 1:27:36]} 11. Qb3 {[%clk 0:54:57]} Ra6 {[%clk 1:24:47]} 12. h3 h6
{[%clk 1:24:05]} 13. e4 {[%clk 0:37:49]} Rb6 {[%clk 1:19:52]} 14. Qd1
{[%clk 0:33:35]} Bd7 {[%clk 1:19:55]} 15. Be3 {[%clk 0:31:32]} Ra6
{[%clk 1:18:39]} 16. Qe2 {[%clk 0:31:32]} Qc8 17. Rac1 {[%clk 0:29:05]} Qd8
{[%clk 1:18:00]} 18. Rfd1 {[%clk 0:24:23]} Re8 19. Kh2 {[%clk 0:24:23]} Ra8
{[%clk 1:14:12]} 20. Ne5 {[%clk 0:24:05]} Qb8 {[%clk 1:12:17]} 21. f4 Bc8
{[%clk 1:11:07]} 22. Rd2 {[%clk 0:14:49]} Nd7 {[%clk 1:08:49]} 23. Nd3
{[%clk 0:08:26]} Nxd3 {[%clk 1:07:26]} 24. Qxd3 {[%clk 0:07:51]} Rd8
{[%clk 1:07:47]} 25. Qe2 {[%clk 0:07:39]} Nf6 {[%clk 1:08:02]} 26. Rcd1
{[%clk 0:05:57]} Bd7 {[%clk 1:06:21]} 27. Rc2 {[%clk 0:05:01]} Be8
{[%clk 1:04:56]} 28. Rdc1 {[%clk 0:02:40]} Bf8 {[%clk 1:04:51]} 29. Bf3
{[%clk 0:02:55]} g6 {[%clk 1:02:13]} 30. Qg2 {[%clk 0:02:43]} Bg7
{[%clk 1:02:20]} 31. e5 {[%clk 0:02:24]} Nd5 {[%clk 1:02:15]} 32. Bxd5
{[%clk 0:02:02]} exd5 {[%clk 1:02:20]} 33. g4 {[%clk 0:02:08]} Bd7
{[%clk 0:59:02]} 34. Qg3 f6 {[%clk 0:58:17]} 35. Rf2 {[%clk 0:02:26]} Rf8
{[%clk 0:55:54]} 36. Rcf1 {[%clk 0:02:43]} f5 {[%clk 0:54:12]} 37. Rg1
{[%clk 0:03:11]} Kh7 {[%clk 0:54:17]} 38. Re2 {[%clk 0:03:03]} Qc8
{[%clk 0:53:44]} 39. Bd2 {[%clk 0:03:15]} fxg4 {[%clk 0:53:44]} 40. hxg4
{[%clk 0:32:51]} Be8 {[%clk 1:18:10]} 41. f5 {[%clk 0:32:51]} Qc7
{[%clk 1:09:47]} 42. f6 {[%clk 0:31:59]} Bh8 43. g5 {[%clk 0:23:36]} h5
{[%clk 1:09:16]} 44. e6 {[%clk 0:21:17]} Qxg3+ {[%clk 1:09:17]} 45. Kxg3
{[%clk 0:21:30]} Bxf6 {[%clk 1:09:00]} 46. gxf6 Rxf6 {[%clk 1:09:26]} 47. Ree1
{[%clk 0:17:05]} Rf8 {[%clk 1:06:12]} 48. Rgf1 {[%clk 0:17:20]} Rg8
{[%clk 1:06:32]} 49. Bg5 {[%clk 0:17:17]} Rc8 {[%clk 1:05:33]} 50. Kf4
{[%clk 0:16:31]} Rf8+ 51. Ke5 Rxf1 {[%clk 0:58:00]} 52. Rxf1 {[%clk 0:14:42]} Kg7
{[%clk 0:56:23]} 53. Be7 {[%clk 0:09:31]} b6 54. Rc1 Ra8 {[%clk 0:54:34]} 55. Kd6
{[%clk 0:09:18]} Ra7 {[%clk 0:52:42]} 56. Bg5 {[%clk 0:08:43]} Kg8
{[%clk 0:52:42]} 57. Ne2 {[%clk 0:08:53]} Rh7 {[%clk 0:51:20]} 58. Nf4
{[%clk 0:07:55]} Rb7 {[%clk 0:49:52]} 59. Nxd5 {[%clk 0:07:57]} c5 60. Nf6+
{[%clk 0:08:16]} Kh8 {[%clk 0:48:51]} 61. Nxe8 cxd4 {[%clk 0:49:04]} 62. Nf6
{[%clk 0:07:49]} Rb8 {[%clk 0:49:21]} 63. e7 {[%clk 0:08:02]} 1-0

[Event "World Senior Championship F50+/F65+"]
[Site "Katerini"]
[Date "2014.10.25"]
[Round "2.10"]
[White "Khmiadashvili, Tamar"]
[Black "Baliuniene, Margarita"]
[Result "1/2-1/2"]
[WhiteElo "2090"]
[BlackElo "1961"]
[EventDate "2014.10.24"]

1. c4 {[%clk 1:30:43]} c5 {[%clk 1:30:55]} 2. Nc3 {[%clk 1:30:57]} Nf6
{[%clk 1:31:16]} 3. g3 {[%clk 1:30:56]} g6 {[%clk 1:31:31]} 4. Bg2
{[%clk 1:30:35]} Bg7 {[%clk 1:31:55]} 5. e3 {[%clk 1:29:56]} O-O {[%clk 1:30:26]}
6. Nge2 {[%clk 1:30:17]} Nc6 {[%clk 1:28:51]} 7. O-O {[%clk 1:30:29]} d6
{[%clk 1:28:14]} 8. d4 {[%clk 1:29:41]} cxd4 {[%clk 1:27:05]} 9. Nxd4
{[%clk 1:26:56]} Bd7 {[%clk 1:26:02]} 10. b3 {[%clk 1:26:03]} a6 {[%clk 1:25:21]}
11. Bb2 {[%clk 1:25:28]} Rb8 {[%clk 1:24:37]} 12. Nd5 {[%clk 1:20:53]} Nxd5
{[%clk 1:19:02]} 13. Bxd5 {[%clk 1:15:15]} Nxd4 {[%clk 1:06:39]} 14. Bxd4
{[%clk 1:14:19]} Bc6 {[%clk 1:01:14]} 15. Bxg7 {[%clk 1:12:01]} Kxg7
{[%clk 1:01:21]} 16. Qd4+ {[%clk 1:12:05]} f6 {[%clk 0:59:20]} 17. Rfd1
{[%clk 1:04:21]} Qd7 {[%clk 0:51:38]} 18. Qb6 {[%clk 0:59:06]} Bxd5
{[%clk 0:49:33]} 19. Rxd5 {[%clk 0:58:47]} Rfc8 {[%clk 0:48:29]} 20. Rad1
{[%clk 0:56:48]} Rc6 {[%clk 0:46:14]} 21. Qd4 {[%clk 0:54:03]} Qc7
{[%clk 0:45:24]} 22. h4 {[%clk 0:40:15]} b5 {[%clk 0:38:20]} 23. cxb5
{[%clk 0:40:03]} Rxb5 {[%clk 0:38:24]} 24. Qe4 {[%clk 0:29:35]} Rxd5
{[%clk 0:37:09]} 25. Rxd5 {[%clk 0:29:43]} Rc2 {[%clk 0:35:38]} 26. Rd4
{[%clk 0:27:29]} Rxa2 {[%clk 0:27:52]} 27. Rb4 {[%clk 0:21:35]} Ra5
{[%clk 0:24:23]} 28. Rb7 {[%clk 0:14:19]} Re5 {[%clk 0:24:42]} 29. Rxc7
{[%clk 0:13:44]} Rxe4 {[%clk 0:25:08]} 30. Ra7 {[%clk 0:14:07]} Kf7
{[%clk 0:25:13]} 31. Rxa6 {[%clk 0:14:32]} Rb4 {[%clk 0:25:38]} 32. Ra3
{[%clk 0:14:55]} h5 {[%clk 0:23:45]} 33. Kg2 {[%clk 0:12:19]} Ke6
{[%clk 0:23:36]} 34. Kf3 {[%clk 0:11:39]} Kf5 {[%clk 0:23:29]} 35. Ke2
{[%clk 0:10:44]} g5 {[%clk 0:22:26]} 36. hxg5 {[%clk 0:08:59]} fxg5
{[%clk 0:22:52]} 37. f3 {[%clk 0:06:56]} e5 {[%clk 0:14:39]} 38. e4+
{[%clk 0:02:40]} Ke6 {[%clk 0:14:31]} 39. Ke3 {[%clk 0:02:03]} Rb7
{[%clk 0:12:31]} 40. Kf2 {[%clk 0:31:34]} h4 {[%clk 0:41:58]} 41. Kg2
{[%clk 0:30:30]} Rf7 {[%clk 0:39:38]} 42. b4 {[%clk 0:30:17]} Rb7
{[%clk 0:35:31]} 43. Ra4 {[%clk 0:23:29]} Rb6 {[%clk 0:31:07]} 44. gxh4
{[%clk 0:22:56]} gxh4 {[%clk 0:31:34]} 45. Kh3 {[%clk 0:19:32]} d5
{[%clk 0:31:47]} 46. Kxh4 {[%clk 0:16:48]} d4 {[%clk 0:31:35]} 47. Kg3
{[%clk 0:15:05]} Kf6 {[%clk 0:30:06]} 48. f4 {[%clk 0:13:46]} exf4+
{[%clk 0:29:18]} 49. Kxf4 {[%clk 0:13:58]} Ke6 {[%clk 0:29:45]} 50. b5
{[%clk 0:08:17]} Rxb5 {[%clk 0:29:40]} 51. Rxd4 {[%clk 0:05:09]} Rb1
{[%clk 0:29:51]} 52. Rd8 {[%clk 0:02:17]} Rf1+ {[%clk 0:29:23]} 53. Ke3
{[%clk 0:02:38]} Re1+ {[%clk 0:28:23]} 54. Kf3 {[%clk 0:02:59]} Rf1+
{[%clk 0:28:27]} 55. Ke2 {[%clk 0:03:23]} Ra1 {[%clk 0:28:45]} 56. Re8+
{[%clk 0:03:12]} Kd7 {[%clk 0:28:52]} 57. Re5 {[%clk 0:03:07]} Ra3
{[%clk 0:28:22]} 58. Kf2 {[%clk 0:02:12]} Kd6 {[%clk 0:28:33]} 59. Rf5
{[%clk 0:02:19]} Ke6 {[%clk 0:28:43]} 60. Rd5 {[%clk 0:02:20]} Rb3
{[%clk 0:28:53]} 61. Ke2 {[%clk 0:02:36]} Ra3 {[%clk 0:26:59]} 62. Rd3
{[%clk 0:02:55]} Ra5 {[%clk 0:27:12]} 63. Rb3 {[%clk 0:02:34]} Ke5
{[%clk 0:27:36]} 64. Kd3 {[%clk 0:02:42]} Rc5 {[%clk 0:25:02]} 65. Rb8
{[%clk 0:02:21]} Ra5 {[%clk 0:24:55]} 66. Re8+ {[%clk 0:02:33]} Kd6
{[%clk 0:25:14]} 67. Kd4 {[%clk 0:02:44]} Ra4+ {[%clk 0:25:40]} 68. Ke3
{[%clk 0:02:57]} Kd7 {[%clk 0:25:07]} 69. Rh8 {[%clk 0:02:51]} Ke6
{[%clk 0:25:27]} 70. Kf4 {[%clk 0:03:05]} Ra1 {[%clk 0:24:58]} 71. Rh6+
{[%clk 0:03:29]} Ke7 {[%clk 0:25:23]} 72. Kf5 {[%clk 0:02:56]} Rf1+
{[%clk 0:17:34]} 73. Ke5 {[%clk 0:03:16]} Ra1 {[%clk 0:18:01]} 74. Rh7+
{[%clk 0:03:38]} Ke8 {[%clk 0:18:24]} 75. Kf6 {[%clk 0:03:28]} Ra6+
{[%clk 0:18:44]} 76. Kf5 {[%clk 0:03:45]} Rb6 {[%clk 0:18:39]} 77. e5
{[%clk 0:03:53]} Ra6 {[%clk 0:18:28]} 78. Rb7 {[%clk 0:03:24]} Rc6
{[%clk 0:18:32]} 79. Ke4 {[%clk 0:02:20]} Ra6 {[%clk 0:18:22]} 80. Rc7
{[%clk 0:02:18]} Kd8 {[%clk 0:17:20]} 81. Rg7 {[%clk 0:02:16]} Ke8
{[%clk 0:17:30]} 82. Kf5 {[%clk 0:01:44]} Rb6 {[%clk 0:17:31]} 83. Ra7
{[%clk 0:01:56]} Rc6 {[%clk 0:17:49]} 84. Ra5 {[%clk 0:01:47]} Rb6
{[%clk 0:18:08]} 85. Ke4 {[%clk 0:01:46]} Ke7 {[%clk 0:17:38]} 86. Kd5
{[%clk 0:02:05]} Rh6 {[%clk 0:17:20]} 87. Ra7+ {[%clk 0:02:03]} Ke8
{[%clk 0:17:37]} 88. Kc5 {[%clk 0:01:58]} Rg6 {[%clk 0:17:49]} 89. Rb7
{[%clk 0:01:35]} Rh6 {[%clk 0:18:10]} 90. Kd5 {[%clk 0:01:33]} Rg6
{[%clk 0:17:54]} 91. Rc7 {[%clk 0:01:50]} Rh6 {[%clk 0:17:42]} 92. Rg7
{[%clk 0:01:48]} Ra6 {[%clk 0:17:55]} 93. Ke4 {[%clk 0:02:07]} Rb6
{[%clk 0:18:04]} 94. Kf5 {[%clk 0:02:29]} Ra6 {[%clk 0:18:25]} 95. Rg6
{[%clk 0:02:15]} Rxg6 {[%clk 0:14:56]} 96. Kxg6 {[%clk 0:02:44]} Ke7
{[%clk 0:15:21]} 97. Kg5 {[%clk 0:02:58]} Ke6 {[%clk 0:15:35]} 98. Kf4
{[%clk 0:03:22]} Ke7 {[%clk 0:15:57]} 99. Kf5 {[%clk 0:03:48]} Kf7
{[%clk 0:16:23]} 100. e6+ {[%clk 0:04:10]} Ke7 {[%clk 0:16:46]} 101. Ke5
{[%clk 0:04:33]} Ke8 {[%clk 0:17:10]} 1/2-1/2

[Event "World Senior Championship F50+/F65+"]
[Site "Katerini"]
[Date "2014.10.25"]
[Round "2.11"]
[White "Hoose, Hannelore"]
[Black "Birkholz, Olga"]
[Result "0-1"]
[WhiteElo "1757"]
[BlackElo "2067"]
[EventDate "2014.10.24"]

1. e4 {[%clk 1:30:56]} d6 {[%clk 1:30:40]} 2. d4 {[%clk 1:30:53]} c5
{[%clk 1:30:49]} 3. Nf3 {[%clk 1:27:20]} Nd7 {[%clk 1:30:36]} 4. Nc3
{[%clk 1:24:46]} g6 {[%clk 1:28:21]} 5. dxc5 {[%clk 1:21:35]} Nxc5
{[%clk 1:27:01]} 6. Bb5+ {[%clk 1:21:30]} Bd7 {[%clk 1:27:09]} 7. Bxd7+
{[%clk 1:21:32]} Qxd7 {[%clk 1:26:45]} 8. O-O {[%clk 1:21:06]} Bg7
{[%clk 1:26:39]} 9. Ne2 {[%clk 1:17:52]} Nxe4 {[%clk 1:26:31]} 10. c3
{[%clk 1:17:15]} Ngf6 {[%clk 1:25:51]} 11. Ned4 {[%clk 1:14:25]} O-O
{[%clk 1:25:37]} 12. Qe2 {[%clk 1:11:47]} Rfe8 {[%clk 1:24:39]} 13. Nb3
{[%clk 1:10:44]} b6 {[%clk 1:17:37]} 14. Qc2 {[%clk 1:04:57]} e5 {[%clk 1:12:04]}
15. Re1 {[%clk 1:00:55]} Qc6 {[%clk 1:10:12]} 16. h3 {[%clk 0:56:57]} Rac8
{[%clk 1:08:55]} 17. Be3 {[%clk 0:54:22]} d5 {[%clk 1:08:39]} 18. Qe2
{[%clk 0:54:18]} Qa4 {[%clk 1:07:14]} 19. Qd3 {[%clk 0:51:31]} Nd6
{[%clk 1:03:33]} 20. Qd1 {[%clk 0:50:57]} Nc4 {[%clk 1:02:39]} 21. Bc1
{[%clk 0:49:56]} Rcd8 {[%clk 0:59:36]} 22. Qe2 {[%clk 0:48:19]} d4
{[%clk 0:52:50]} 23. cxd4 {[%clk 0:48:04]} exd4 {[%clk 0:53:17]} 24. Qd1
{[%clk 0:48:19]} Rxe1+ {[%clk 0:49:33]} 25. Nxe1 {[%clk 0:46:23]} d3
{[%clk 0:49:22]} 26. Nf3 {[%clk 0:44:10]} Ne4 {[%clk 0:46:29]} 27. Qe1
{[%clk 0:38:47]} Nxb2 {[%clk 0:42:26]} 28. Bxb2 {[%clk 0:37:53]} Bxb2
{[%clk 0:42:52]} 29. Rb1 {[%clk 0:37:55]} Bc3 {[%clk 0:42:16]} 30. Qd1
{[%clk 0:36:17]} Qxa2 {[%clk 0:42:09]} 31. Qf1 {[%clk 0:30:26]} d2
{[%clk 0:41:48]} 32. Qd1 {[%clk 0:30:17]} Qxb1 {[%clk 0:41:59]} 33. Qxb1
{[%clk 0:30:10]} d1=Q+ {[%clk 0:42:24]} 0-1

[Event "World Senior Championship F50+/F65+"]
[Site "Katerini"]
[Date "2014.10.26"]
[Round "3.1"]
[White "Gaprindashvili, Nona"]
[Black "Kasoshvili, Tsiala"]
[Result "1/2-1/2"]
[WhiteElo "2299"]
[BlackElo "2161"]
[EventDate "2014.10.24"]

1. d4 {[%clk 1:30:55]} d5 {[%clk 1:30:57]} 2. c4 {[%clk 1:31:18]} c6
{[%clk 1:31:25]} 3. Nf3 {[%clk 1:31:39]} e6 {[%clk 1:31:11]} 4. Qc2
{[%clk 1:31:57]} f5 {[%clk 1:21:08]} 5. g3 {[%clk 1:32:18]} Nf6 {[%clk 1:21:31]}
6. Bg2 {[%clk 1:32:39]} Bd6 {[%clk 1:21:58]} 7. Bf4 {[%clk 1:33:01]} Bxf4
{[%clk 1:22:09]} 8. gxf4 {[%clk 1:33:29]} O-O {[%clk 1:22:33]} 9. Nbd2
{[%clk 1:33:16]} Ne4 {[%clk 1:20:22]} 10. Rc1 {[%clk 1:32:32]} Nd7
{[%clk 1:20:16]} 11. O-O {[%clk 1:32:30]} Ndf6 {[%clk 1:20:19]} 12. Rfd1
{[%clk 1:32:11]} Ng4 {[%clk 1:19:29]} 13. Rf1 {[%clk 1:32:23]} Rf6
{[%clk 1:09:36]} 14. h3 {[%clk 1:30:31]} Nh6 {[%clk 1:06:49]} 15. Ne5
{[%clk 1:26:31]} Nf7 {[%clk 1:04:11]} 16. Ndf3 {[%clk 1:24:00]} Bd7
{[%clk 0:52:00]} 17. Nxf7 {[%clk 1:15:22]} Rxf7 {[%clk 0:52:23]} 18. Ne5
{[%clk 1:15:36]} Rf6 {[%clk 0:52:39]} 19. Kh2 {[%clk 1:14:52]} Be8
{[%clk 0:47:18]} 20. c5 {[%clk 1:11:49]} Rh6 {[%clk 0:46:14]} 21. Bxe4
{[%clk 1:10:48]} fxe4 {[%clk 0:46:24]} 22. Qc3 {[%clk 1:10:48]} Bh5
{[%clk 0:44:48]} 23. Rce1 {[%clk 1:10:48]} Bg6 {[%clk 0:34:59]} 24. Rg1
{[%clk 1:04:01]} Bf5 {[%clk 0:28:31]} 25. Rg3 {[%clk 1:01:35]} Qh4
{[%clk 0:28:26]} 26. Qe3 {[%clk 1:02:03]} Re8 {[%clk 0:21:23]} 27. Reg1
{[%clk 1:01:36]} Re7 {[%clk 0:21:33]} 28. Ng4 {[%clk 1:00:50]} Rg6
{[%clk 0:20:02]} 29. f3 {[%clk 0:58:01]} h5 {[%clk 0:18:11]} 30. Nf2
{[%clk 0:55:57]} Rf6 {[%clk 0:17:35]} 31. fxe4 {[%clk 0:54:10]} Bxe4
{[%clk 0:14:21]} 32. Nxe4 {[%clk 0:53:50]} dxe4 {[%clk 0:14:50]} 1/2-1/2

[Event "World Senior Championship F50+/F65+"]
[Site "Katerini"]
[Date "2014.10.26"]
[Round "3.2"]
[White "Mednikova, Svetlana"]
[Black "Strutinskaia, Galina"]
[Result "1-0"]
[WhiteElo "2154"]
[BlackElo "2287"]
[EventDate "2014.10.24"]

1. e4 {[%clk 1:30:58]} c5 {[%clk 1:29:51]} 2. Nf3 {[%clk 1:31:14]} d6
{[%clk 1:30:02]} 3. c3 {[%clk 1:29:08]} Nf6 {[%clk 1:29:51]} 4. Bb5+
{[%clk 1:27:54]} Nbd7 {[%clk 1:29:45]} 5. d3 {[%clk 1:23:40]} e6 {[%clk 1:27:46]}
6. O-O {[%clk 1:23:10]} Be7 {[%clk 1:27:39]} 7. Ba4 {[%clk 1:14:50]} O-O
{[%clk 1:27:09]} 8. h3 {[%clk 1:14:39]} Rb8 {[%clk 1:26:06]} 9. c4
{[%clk 1:10:11]} Ne5 {[%clk 1:13:39]} 10. Nc3 {[%clk 1:09:20]} a6
{[%clk 1:13:55]} 11. Be3 {[%clk 1:05:53]} b6 {[%clk 1:10:07]} 12. Qe2
{[%clk 0:59:26]} Bb7 {[%clk 1:09:23]} 13. Bc2 {[%clk 0:54:23]} Rc8
{[%clk 1:03:07]} 14. Rac1 {[%clk 0:45:11]} Qd7 {[%clk 0:55:32]} 15. a4
{[%clk 0:42:04]} Nxf3+ {[%clk 0:50:40]} 16. Qxf3 {[%clk 0:35:21]} d5
{[%clk 0:50:55]} 17. cxd5 {[%clk 0:29:04]} exd5 {[%clk 0:51:17]} 18. Bf4
{[%clk 0:27:42]} d4 {[%clk 0:50:22]} 19. Ne2 {[%clk 0:27:31]} Bc6
{[%clk 0:49:06]} 20. Ng3 {[%clk 0:26:41]} Rfe8 {[%clk 0:42:31]} 21. Ra1
{[%clk 0:19:11]} b5 {[%clk 0:40:28]} 22. axb5 {[%clk 0:18:34]} axb5
{[%clk 0:40:49]} 23. Bb3 {[%clk 0:15:21]} Ra8 {[%clk 0:39:14]} 24. Nh5
{[%clk 0:14:35]} Rxa1 {[%clk 0:37:42]} 25. Rxa1 {[%clk 0:15:03]} c4
{[%clk 0:37:29]} 26. Nxf6+ {[%clk 0:12:44]} Bxf6 {[%clk 0:37:51]} 27. dxc4
{[%clk 0:09:02]} Bxe4 {[%clk 0:35:24]} 28. Qg3 {[%clk 0:07:24]} Rc8
{[%clk 0:32:45]} 29. Be5 {[%clk 0:05:52]} Bxe5 {[%clk 0:31:51]} 30. Qxe5
{[%clk 0:06:18]} bxc4 {[%clk 0:28:21]} 31. Bxc4 {[%clk 0:06:20]} Bc2
{[%clk 0:20:30]} 32. b3 {[%clk 0:04:08]} h6 {[%clk 0:18:47]} 33. Qf4
{[%clk 0:03:22]} Rd8 {[%clk 0:18:07]} 34. Ra5 {[%clk 0:03:03]} Qb7
{[%clk 0:16:07]} 35. Rb5 {[%clk 0:02:54]} Qa7 {[%clk 0:16:23]} 36. Qf3
{[%clk 0:02:10]} Qe7 {[%clk 0:13:00]} 37. Rb7 {[%clk 0:02:14]} Rd7
{[%clk 0:13:05]} 38. Qxf7+ {[%clk 0:01:23]} Qxf7 {[%clk 0:13:23]} 39. Rxd7
{[%clk 0:01:47]} 1-0

[Event "World Senior Championship F50+/F65+"]
[Site "Katerini"]
[Date "2014.10.26"]
[Round "3.3"]
[White "Saunina, Ludmila"]
[Black "Fatalibekova, Elena"]
[Result "1/2-1/2"]
[WhiteElo "2190"]
[BlackElo "2215"]
[EventDate "2014.10.24"]

1. d4 {[%clk 1:30:53]} Nf6 {[%clk 1:30:19]} 2. c4 {[%clk 1:31:13]} e6
{[%clk 1:30:43]} 3. Nf3 {[%clk 1:31:35]} d5 {[%clk 1:30:30]} 4. cxd5
{[%clk 1:28:40]} exd5 {[%clk 1:30:39]} 5. Nc3 {[%clk 1:28:18]} c6
{[%clk 1:29:50]} 6. Bg5 {[%clk 1:28:33]} Be7 {[%clk 1:23:51]} 7. Qc2
{[%clk 1:28:09]} g6 {[%clk 1:23:00]} 8. Bh6 {[%clk 1:18:14]} Bf5 {[%clk 1:22:50]}
9. Qc1 {[%clk 1:18:38]} Ng4 {[%clk 1:04:57]} 10. Bf4 {[%clk 1:14:36]} h5
{[%clk 1:02:16]} 11. h3 {[%clk 1:14:32]} Nf6 {[%clk 1:02:44]} 12. e3
{[%clk 1:12:40]} Nbd7 {[%clk 1:00:14]} 13. a3 {[%clk 1:11:10]} a5
{[%clk 0:58:55]} 14. Ne5 {[%clk 1:07:33]} Nxe5 {[%clk 0:58:36]} 15. Bxe5
{[%clk 1:03:38]} h4 {[%clk 0:55:41]} 16. Na4 {[%clk 1:01:52]} O-O
{[%clk 0:55:52]} 17. Be2 {[%clk 1:01:37]} Nd7 {[%clk 0:54:45]} 18. Bf4
{[%clk 0:58:53]} Rc8 {[%clk 0:41:38]} 1/2-1/2

[Event "World Senior Championship F50+/F65+"]
[Site "Katerini"]
[Date "2014.10.26"]
[Round "3.4"]
[White "Ankudinova, Yelena"]
[Black "Lauterbach, Ingrid"]
[Result "1-0"]
[WhiteElo "2121"]
[BlackElo "2095"]
[EventDate "2014.10.24"]

1. d4 {[%clk 1:30:46]} d5 {[%clk 1:30:43]} 2. Nf3 {[%clk 1:31:02]} c6
{[%clk 1:30:33]} 3. c4 {[%clk 1:30:54]} Nf6 {[%clk 1:30:12]} 4. Qc2
{[%clk 1:30:35]} g6 {[%clk 1:27:18]} 5. Bf4 {[%clk 1:30:47]} Bf5 {[%clk 1:23:59]}
6. Qb3 {[%clk 1:29:55]} Qb6 {[%clk 1:20:19]} 7. e3 {[%clk 1:20:08]} Nbd7
{[%clk 1:15:33]} 8. Nbd2 {[%clk 1:12:35]} Qxb3 {[%clk 1:03:36]} 9. Nxb3
{[%clk 1:05:20]} Nh5 {[%clk 1:00:10]} 10. Be5 {[%clk 0:59:47]} f6
{[%clk 0:51:15]} 11. Bg3 {[%clk 0:58:49]} Nxg3 {[%clk 0:49:56]} 12. hxg3
{[%clk 0:59:16]} Be6 {[%clk 0:50:01]} 13. Rc1 {[%clk 0:58:42]} Bf7
{[%clk 0:41:19]} 14. Bd3 {[%clk 0:53:57]} dxc4 {[%clk 0:35:58]} 15. Bxc4
{[%clk 0:54:20]} Bxc4 {[%clk 0:36:22]} 16. Rxc4 {[%clk 0:54:45]} e6
{[%clk 0:36:46]} 17. Ke2 {[%clk 0:54:10]} Bd6 {[%clk 0:36:42]} 18. Nbd2
{[%clk 0:44:34]} Kf7 {[%clk 0:33:20]} 19. g4 {[%clk 0:44:44]} h6 {[%clk 0:31:20]}
20. g3 {[%clk 0:41:02]} Rae8 {[%clk 0:30:42]} 21. Ne4 {[%clk 0:40:12]} Bc7
{[%clk 0:29:07]} 22. Rb4 {[%clk 0:37:40]} Rb8 {[%clk 0:27:40]} 23. Rc1
{[%clk 0:32:55]} h5 {[%clk 0:22:42]} 24. g5 {[%clk 0:33:10]} f5 {[%clk 0:21:32]}
25. Ned2 {[%clk 0:30:48]} Bd6 {[%clk 0:20:49]} 26. Ra4 {[%clk 0:27:08]} Ra8
{[%clk 0:19:49]} 27. Rac4 {[%clk 0:26:25]} Nb6 {[%clk 0:18:33]} 28. R4c2
{[%clk 0:26:31]} Rhe8 {[%clk 0:17:07]} 29. Nc4 {[%clk 0:24:44]} Nxc4
{[%clk 0:16:28]} 30. Rxc4 {[%clk 0:25:12]} Re7 {[%clk 0:16:16]} 31. Rd1
{[%clk 0:23:06]} Rd8 {[%clk 0:16:18]} 32. Nh4 {[%clk 0:21:10]} Red7
{[%clk 0:13:26]} 33. f4 {[%clk 0:21:23]} Bc7 {[%clk 0:10:57]} 34. b4
{[%clk 0:19:51]} a6 {[%clk 0:10:51]} 35. Rdc1 {[%clk 0:19:55]} Bb8
{[%clk 0:10:40]} 36. Nf3 Rd5 {[%clk 0:09:32]} 37. Ne1 {[%clk 0:17:39]} a5
{[%clk 0:08:42]} 38. Rb1 {[%clk 0:16:31]} Rb5 {[%clk 0:08:28]} 39. Nd3
{[%clk 0:14:00]} axb4 {[%clk 0:04:57]} 40. Rcxb4 {[%clk 0:44:14]} Rxb4
{[%clk 0:35:10]} 41. Rxb4 {[%clk 0:44:07]} b5 {[%clk 0:33:56]} 42. Rb3
{[%clk 0:39:15]} Bd6 {[%clk 0:33:26]} 43. Rc3 {[%clk 0:38:53]} Ra8
{[%clk 0:32:13]} 44. Rxc6 {[%clk 0:16:17]} Rxa2+ {[%clk 0:32:35]} 45. Kf3
{[%clk 0:16:43]} Ke7 {[%clk 0:26:06]} 46. Rb6 {[%clk 0:17:05]} Rd2
{[%clk 0:18:01]} 47. Ne5 {[%clk 0:11:27]} Bxe5 {[%clk 0:17:50]} 48. fxe5
{[%clk 0:11:55]} Rb2 {[%clk 0:11:17]} 49. d5 {[%clk 0:12:20]} exd5
{[%clk 0:11:41]} 50. Rxg6 {[%clk 0:12:45]} b4 {[%clk 0:12:00]} 51. Rb6
{[%clk 0:13:01]} b3 {[%clk 0:10:40]} 52. g6 {[%clk 0:13:15]} Rb1 {[%clk 0:10:59]}
53. Rb7+ {[%clk 0:10:31]} Kf8 {[%clk 0:09:58]} 54. e6 {[%clk 0:10:46]} b2
{[%clk 0:10:07]} 55. e7+ {[%clk 0:10:49]} Ke8 {[%clk 0:10:13]} 56. g7
{[%clk 0:11:10]} Rf1+ {[%clk 0:10:17]} 57. Ke4 1-0